书目信息 |
| 题名: |
工业心理学
|
|
| 作者: | 劳斯 著 ;俞祖元 , 姚锡棠 译 | |
| 分册: | ||
| 出版信息: | 天津 天津科学技术出版社 1985 |
|
| 页数: | 255页 | |
| 开本: | 19cm | |
| 丛书名: | ||
| 单 册: | ||
| 中图分类: | F406.13 | |
| 科图分类: | ||
| 主题词: | 工业心理学 | |
| 电子资源: | ||
| ISBN: | ||
| 000 | 00678nam0 2200253 45 | |
| 001 | 1563399023 | |
| 005 | 20150130173659.75 | |
| 010 | @dCNY1.15 | |
| 091 | @aCN@b17212.11 | |
| 100 | @a19900921d1985 em y0chiy0121 ea | |
| 101 | 1 | @achi@crus |
| 102 | @aCN@b120000 | |
| 105 | @ay z 000yy | |
| 200 | 10 | @a工业心理学@Agong ye xin li xue@f(苏)劳斯著@g俞祖元, 姚锡棠译 |
| 210 | @a天津@c天津科学技术出版社@d1985 | |
| 215 | @a255页@d19cm | |
| 606 | @a工业心理学 | |
| 610 | 0 | @a心理学 |
| 690 | @aF406.13@v3 | |
| 701 | 1 | @a劳斯@Alao si@4著 |
| 702 | 0 | @a俞祖元@Ayu zu yuan@4译 |
| 702 | 0 | @a姚锡棠@Ayao xi tang@4译 |
| 801 | 0 | @aCN@bTSSF@c20150130 |
| 905 | @aZUCC@dF406.13@eJY4 | |
| 工业心理学/(苏)劳斯著/俞祖元, 姚锡棠译.-天津:天津科学技术出版社,1985 |
| 255页;19cm |
| ISBN :CNY1.15 |
| ● |
| 相关链接 |
|
|
|
|
正题名:工业心理学
索取号:F406.13/JY4
 
预约/预借
| 序号 | 登录号 | 条形码 | 馆藏地/架位号 | 状态 | 备注 |
| 1 | 7846089 | 278460899 | 学院路分馆/ [索取号:F406.13/JY4] | 在馆 | |
| 2 | 7846090 | 278460906 | 学院路分馆/ [索取号:F406.13/JY4] | 在馆 |